000 00447cam a2200157 a 4500
020 _a2738000681
040 _cDLC
082 0 0 _a636 INT 1988 A090 Or.
100 1 _aBerbigier, Paul.
245 1 0 _aBioclimatologie des ruminants domestiques en zone tropicale /
260 _aParis :
_bInstitut national de la recherche agronomique,
_cc1988.
300 _axi, 237 p. :
_bill. ;
_c24 cm.
650 0 _aLivestock
650 0 _aRuminants
942 _cFB
999 _c15939
_d15939